000 01582cam a22004337a 4500
001 000094688
003 CHAP
005 20220329143038.0
008 051018d2005 mx r 00110 spa d
010 _a91154
011 _a92126
035 _a102689
040 _cCHAP
090 _aTesis
100 0 0 _aDomínguez Mojica, Ana Gabriela.
_933853
245 1 0 _aConsumo de agua en tomate saladette (Lycopersicum Esculentum, Mill.) bajo condiciones de invernadero en Chapingo, Méx. /
_c/por Ana Gabriela Domínguez Mojica.
260 _aChapingo, Méx. :
_bEl autor,
_c2005.
300 _a117 h.
502 _aTesis (Ing. en Irrigación) - - UACH. Departamento de Irrigación
590 _aALEPH
_b10
_c20130110
_lUCH01
_h1506
590 _aBATCH-UPD
_b10
_c20130110
_lUCH01
_h0617
590 _aBATCH-UPD
_b10
_c20130410
_lUCH01
_h0259
590 _aBATCH-UPD
_b10
_c20130914
_lUCH01
_h1130
590 _aBATCH-UPD
_b10
_c20140324
_lUCH01
_h1452
590 _aBATCH-UPD
_b10
_c20141002
_lUCH01
_h0827
590 _aCONVERSION
_b10
_c20130109
_lUCH01
_h1350
590 _aE11695DGD
_b10
_c20190623
_lUCH01
_h1017
590 _aE12093SGE
_b10
_c20130613
_lUCH01
_h1003
650 1 4 _aCultivos en invernadero.
_930376
650 1 4 _aEvapotranspiración.
_938968
650 1 4 _aTomate
_xAgua requerida.
_9113675
856 _3Finding aid
_uhttp://10.13.5.2/tesis/102689.pdf
_zTeclea aquí
901 _aBK
905 _aLilia
942 _cCD
942 _n0
949 _aTesis
_bBC
_cTES
_d1026891
_eTS1
_h44011
_i102689
_sb
949 _aTesis
_bBC
_cTES
_d33724000965851
_eTS2
_fc.2
_h44012
_i102689
_si
999 _c91154
_d91154